| 000 | 00561nam a22002057a 4500 | ||
|---|---|---|---|
| 003 | OSt | ||
| 005 | 20160513125931.0 | ||
| 008 | 160513b xxu||||| |||| 00| 0 eng d | ||
| 020 | _a0199636427 | ||
| 040 | _cDDC. | ||
| 082 | _a572.3ESS 2000. | ||
| 100 |
_aEdited by Brown,T.A; _98742 |
||
| 245 |
_aEssential Molecular Biology. _bPractical approach. |
||
| 250 | _a2nd ed. | ||
| 260 |
_aUk. _bOxford University Press. _c2000. |
||
| 300 |
_axx,240p; _bill. _c26cm. |
||
| 504 | _aAppendix and index are included. | ||
| 650 |
_aBiology. _95602 |
||
| 942 |
_2ddc _cSLOAN |
||
| 999 |
_c4003 _d4003 |
||